000 00774nam a2200205 i 4500
001 170135
003 ES-MaACL
005 20250629063143.0
008 090204s1909 fr |||| | fre d
080 _a821.133.1-31"18"
100 1 _aDumas, Alexandre,
_d1824-1895
_9241136
245 1 0 _aAffaire Clémenceau
_b: mémoire de l'accusé /
_cAlexandre Dumas fils ; illustrations de Alexandre Lippmann.
260 _aParis :
_bCalmann-Lévy,
_c1909.
300 _a126 p. :
_bil. ;
_c25 cm.
490 1 _aNouvelle collection illustrée ;
_v33
700 1 _aLippmann, Alexandre.
_9139350
830 0 _aNouvelle collection illustrée ;
_v33
_9233151
852 4 _aES-MaACL
_jE-12414
_9R.140630
_z. - Biblioteca Jacinto Martínez Lacalle
999 _c170135
_d170135